| 000 | 00820nam a22002537a 4500 | ||
|---|---|---|---|
| 001 | BR7303962 | ||
| 003 | BR-BrBNA | ||
| 005 | 20230928095223.0 | ||
| 007 | ta | ||
| 008 | 230509b bl.||||| |||| 00| 0 por d | ||
| 040 |
_aBR-BrBNA _bpor _cBiblioteca Nacional de Agricultura |
||
| 041 | _a(Por) | ||
| 072 | _aH01 | ||
| 090 | _ H01 BR7303962 | ||
| 110 | 1 | _aSuperintendencia do Desenvolvimento do Nordeste, Recife, PE (Brasil). Div. de Pesquisas e Experimentacao | |
| 110 | 1 |
_aInstituto de Pesquisas Agronomicas, Recife, PE (Brasil) _96142 |
|
| 245 | 1 | _aProjeto fitossanidade, levantamento e estudos fitossanitarios no estado de Pernambuco | |
| 260 | 3 |
_aRecife, PE (Brasil): _c1973. |
|
| 300 | _a22 p. | ||
| 650 | _aDefesa Vegetal | ||
| 650 | _aPernambuco | ||
| 909 |
_a202309 _bLucia _c55 _dLucia Elande |
||
| 942 | _cBK | ||
| 999 |
_c55269 _d55269 |
||